[Event "Chess.com Bullet op2"]
[Site "Chess.com INT"]
[Date "2020.12.19"]
[Round "13"]
[White "Arjun Erigaisi"]
[Black "Rameshbabu Praggnanandhaa"]
[Result "1-0"]
[EventDate "?"]
[WhiteElo "2559"]
[BlackElo "2608"]
[Source "chessbites.com; date by Chess Assistant 21"]
[PlyCount "74"]

1. Nf3 Nf6 2. c4 b6 3. g3 Bb7 4. Bg2 c5 5. O-O g6 6. Nc3 Bg7 7. Re1 Ne4 8. Nxe4 Bxe4 9. d3 Bb7 10. e4 Nc6 11. Be3 Rc8 12. Qd2 O-O 13. Rad1 d6 14. h4 Nd4 15. Nxd4 cxd4 16. Bh6 e5 17. h5 Qe7 18. b4 Bxh6 19. Qxh6 g5 20. Bh3 Rcd8 21. f4 f6 22. Bf5 Bc8 23. Kh2 Kh8 24. Bxc8 Rxc8 25. fxg5 fxg5 26. Rf1 Kg8 27. Kh3 Qd7+ 28. g4 Qe7 29. Rf5 Kh8 30. Rdf1 Rxf5 31. Rxf5 Rg8 32. a4 a5 33. bxa5 bxa5 34. Kg3 Qg7 35. Qxd6 Re8 36. h6 Qg6 37. Rf8+ 1-0

[Event "Chess.com Bullet op1"]
[Site "Chess.com INT"]
[Date "2020.12.19"]
[Round "16"]
[White "Hikaru Nakamura"]
[Black "Arjun Erigaisi"]
[Result "1-0"]
[EventDate "?"]
[WhiteElo "2736"]
[BlackElo "2559"]
[Source "chessbites.com; date by Chess Assistant 21"]
[PlyCount "68"]

1. Nf3 Nf6 2. d4 g6 3. b3 Bg7 4. Bb2 O-O 5. e3 d6 6. Be2 c6 7. O-O Nbd7 8. c4 Qc7 9. b4 e5 10. c5 e4 11. cxd6 Qxd6 12. Nfd2 Re8 13. b5 Nb6 14. a4 Be6 15. a5 Nbd5 16. a6 b6 17. Nc4 Qc7 18. bxc6 Qxc6 19. Nbd2 Rac8 20. Rc1 Qd7 21. Ne5 Qe7 22. Bb5 Rxc1 23. Qxc1 Rc8 24. Qa1 Nd7 25. Nc6 Qd6 26. Nxe4 Qc7 27. Rc1 f5 28. Ng5 Nf8 29. Nxe6 Nxe6 30. Ne7+ Nxe7 31. Rxc7 Rxc7 32. Qa2 Kf7 33. Bc4 Rc6 34. d5 1-0

[Event "Speed Chess Super Swiss"]
[Site "Chess.com INT"]
[Date "2020.10.03"]
[Round "12"]
[White "Arjun Erigaisi"]
[Black "Rameshbabu Praggnanandhaa"]
[Result "0-1"]
[EventDate "?"]
[WhiteElo "2559"]
[BlackElo "2608"]
[Source "chessbites.com; date by Chess Assistant 21"]
[PlyCount "166"]

1. c4 Nf6 2. Nc3 e5 3. Nf3 Nc6 4. e3 Bb4 5. Nd5 e4 6. Nxb4 Nxb4 7. Nd4 Nc6 8. Nxc6 dxc6 9. b3 O-O 10. Bb2 Bf5 11. h3 Nd7 12. g4 Be6 13. Qc2 f5 14. gxf5 Bxf5 15. Rg1 Rf7 16. Qc3 Qe7 17. Be2 Nc5 18. O-O-O Bg6 19. Rg2 Raf8 20. Rf1 b6 21. Qe5 Qxe5 22. Bxe5 Rf5 23. Bxc7 Bh5 24. Bxh5 Nd3+ 25. Kc2 Rxh5 26. Rg4 Nxf2 27. Bd6 Rf7 28. Rf4 Rxf4 29. Bxf4 Nd3 30. Bd6 h6 31. Rf8+ Kh7 32. Re8 Rh4 33. b4 c5 34. bxc5 bxc5 35. Bb8 a5 36. Kb3 g5 37. Ka4 Rxh3 38. Rxe4 Kg6 39. Re6+ Kf5 40. Rd6 Ke4 41. Kxa5 g4 42. a4 g3 43. Rg6 Kf3 44. Bxg3 Rxg3 45. Rxh6 Rg2 46. Kb6 Rxd2 47. a5 Rb2+ 48. Kc7 Nb4 49. a6 Nxa6+ 50. Rxa6 Kxe3 51. Kc6 Kd4 52. Ra1 Rc2 53. Rh1 Kxc4 54. Rh4+ Kb3 55. Kd5 c4 56. Kc5 Rc1 57. Rh8 c3 58. Rb8+ Kc2 59. Kc4 Rg1 60. Rf8 Rg4+ 61. Kd5 Kd3 62. Rf2 c2 63. Rf3+ Kd2 64. Rf2+ Kc3 65. Rf3+ Kb2 66. Rf2 Kb1 67. Rf1+ c1=Q 68. Rf6 Qd2+ 69. Ke6 Qe3+ 70. Kf7 Qa7+ 71. Ke6 Re4+ 72. Kf5 Qe7 73. Kg6 Kc2 74. Rf5 Re6+ 75. Kh5 Re5 76. Kg4 Rxf5 77. Kxf5 Kd3 78. Kg6 Kd4 79. Kh6 Ke5 80. Kh5 Kf4 81. Kg6 Kg4 82. Kh6 Kf5 83. Kh5 Qh7# 0-1

[Event "Speed Chess Super Swiss"]
[Site "Chess.com INT"]
[Date "2020.10.03"]
[Round "10"]
[White "Arjun Erigaisi"]
[Black "Wesley So"]
[Result "0-1"]
[EventDate "?"]
[WhiteElo "2559"]
[BlackElo "2770"]
[Source "chessbites.com; date by Chess Assistant 21"]
[PlyCount "76"]

1. d4 Nf6 2. Nf3 d5 3. c4 e6 4. g3 Be7 5. Bg2 O-O 6. O-O dxc4 7. Ne5 Nc6 8. Nxc6 bxc6 9. Na3 Bxa3 10. bxa3 Ba6 11. Qa4 Qc8 12. Qxc6 Rb8 13. Bf4 Rb2 14. Bf3 Nd5 15. Rfc1 Bb5 16. Qc5 Qa6 17. Rcb1 c3 18. Bxd5 exd5 19. Qxc3 Rxb1+ 20. Rxb1 Bxe2 21. Qxc7 h6 22. Rb8 Rxb8 23. Qxb8+ Kh7 24. Qb1+ Bd3 25. Qc1 Be4 26. Bd2 Qe2 27. Qc3 Bd3 28. Qc1 Qf3 29. Qc3 Qd1+ 30. Be1 Qe2 31. Kg2 Be4+ 32. Kg1 Bd3 33. Kg2 Qf1+ 34. Kf3 Bc4 35. Qc2+ Bd3 36. Qc3 g5 37. Qc7 Qe2+ 38. Kg2 Be4+ 0-1

[Event "Titled Tuesday intern op 26th May"]
[Site "Chess.com INT"]
[Date "2020.05.26"]
[Round "6"]
[White "Arjun Erigaisi"]
[Black "Petr Golubka"]
[Result "1-0"]
[EventDate "?"]
[WhiteElo "2559"]
[BlackElo "2495"]
[Source "chessbites.com"]
[PlyCount "62"]

1. c4 e5 2. Nc3 Nc6 3. Nf3 Nf6 4. e3 Bb4 5. Nd5 a5 6. a3 Be7 7. d4 exd4 8. exd4 O-O 9. Bd3 d6 10. O-O Bg4 11. Re1 Re8 12. Be3 Rb8 13. h3 Bh5 14. Nf4 Bg6 15. Nxg6 hxg6 16. Qc2 d5 17. Rac1 Bd6 18. Bg5 dxc4 19. Bxc4 Ne7 20. Ne5 Bxe5 21. dxe5 Nfd5 22. Rcd1 c6 23. Bxd5 cxd5 24. Qc5 b6 25. Qd6 Rc8 26. Rc1 Rxc1 27. Rxc1 Qxd6 28. exd6 f6 29. Bd2 Nf5 30. d7 Rd8 31. Rc8 1-0

[Event "PNWCC Online blitz JP 10th"]
[Site "Chess.com INT"]
[Date "2020.05.16"]
[Round "3"]
[White "Arjun Erigaisi"]
[Black "Vitaliy Bernadskiy"]
[Result "1-0"]
[EventDate "?"]
[WhiteElo "2559"]
[BlackElo "2629"]
[Source "chessbites.com; date by Chess Assistant 21"]
[PlyCount "56"]

1. c4 b6 2. Nc3 Bb7 3. e4 e6 4. d4 Bb4 5. Bd3 f5 6. f3 fxe4 7. fxe4 Nf6 8. Qc2 Bxc3+ 9. bxc3 Nxe4 10. Nf3 Nf6 11. O-O O-O 12. Bg5 h6 13. Bh4 Nc6 14. Bh7+ Kh8 15. Ne5 Ne7 16. Bg6 Kg8 17. Rf4 Nf5 18. Bxf5 exf5 19. Qxf5 d6 20. Ng4 Bc8 21. Nxf6+ Qxf6 22. Qd5+ Be6 23. Rxf6 Bxd5 24. Rxf8+ Rxf8 25. cxd5 Rf5 26. c4 Rf4 27. Bd8 Rxd4 28. Rc1 Rxc4 1-0

[Event "PNWCC Online blitz JP 10th"]
[Site "Chess.com INT"]
[Date "2020.05.16"]
[Round "5"]
[White "Darko Doric"]
[Black "Arjun Erigaisi"]
[Result "0-1"]
[EventDate "?"]
[WhiteElo "2484"]
[BlackElo "2559"]
[Source "chessbites.com; date by Chess Assistant 21"]
[PlyCount "68"]

1. d4 d5 2. c4 e6 3. Nc3 c6 4. cxd5 exd5 5. Bf4 Bd6 6. Bg3 Ne7 7. e3 O-O 8. Bd3 Bf5 9. Bxd6 Qxd6 10. Nf3 Nd7 11. O-O a5 12. Rc1 Rfe8 13. Na4 Be4 14. Bxe4 dxe4 15. Nd2 Nd5 16. a3 Re6 17. g3 Rae8 18. Nc5 Nxc5 19. dxc5 Qe7 20. Qa4 h5 21. Qxa5 h4 22. Nc4 Qg5 23. Qe1 Rh6 24. Rc2 Ree6 25. f4 exf3 26. Rxf3 hxg3 27. Rxg3 Qh4 28. Rcg2 Qxc4 29. Rxg7+ Kf8 30. Rg8+ Ke7 31. Rb8 Reg6 32. Rxb7+ Ke6 33. e4 Rxg2+ 34. Kxg2 Qc2+ 0-1

[Event "PNWCC Online blitz JP 10th"]
[Site "Chess.com INT"]
[Date "2020.05.16"]
[Round "6"]
[White "Andrew Hong"]
[Black "Arjun Erigaisi"]
[Result "0-1"]
[EventDate "?"]
[WhiteElo "2444"]
[BlackElo "2559"]
[Source "chessbites.com; date by Chess Assistant 21"]
[PlyCount "172"]

1. e4 c5 2. Nf3 d6 3. d4 cxd4 4. Nxd4 Nf6 5. Nc3 a6 6. g3 e5 7. Nb3 b5 8. a4 b4 9. Nd5 Bb7 10. Nxf6+ Qxf6 11. Bg2 Nc6 12. a5 Be7 13. O-O O-O 14. Be3 Rac8 15. Qe2 Qe6 16. Rfd1 f5 17. exf5 Qxf5 18. Bb6 Kh8 19. Nd2 d5 20. Bxd5 Nd4 21. Bxd4 Bxd5 22. Qxe5 Qxe5 23. Bxe5 Rxc2 24. Rac1 b3 25. Rxc2 bxc2 26. Rc1 Bc5 27. Bf4 Rc8 28. Be5 Rf8 29. Bf4 Rc8 30. Be5 Be6 31. Ne4 Bf5 32. Nd6 Bxd6 33. Bxd6 g5 34. Kg2 Rd8 35. Be5+ Kg8 36. Bf6 Rd5 37. Bxg5 Rxa5 38. Be3 Rb5 39. Bd4 Rd5 40. Be3 Kf7 41. f3 Rb5 42. Bd4 Rb4 43. Bc3 Rb5 44. Bd4 a5 45. Kf2 a4 46. g4 Bg6 47. h4 h5 48. Ke3 Rb3+ 49. Kf4 Rd3 50. Be3 Rd5 51. Kg3 Rb5 52. Bd4 Rb4 53. Bc3 Rb3 54. Bd4 Be4 55. Kf4 Bh7 56. gxh5 Rd3 57. Be3 Rd5 58. Ra1 Rxh5 59. Kg3 Ra5 60. Kf2 Ke6 61. Ke2 Kd5 62. Kd2 Kc4 63. Ra3 Rd5+ 64. Ke2 Kb5 65. Rc3 Rd1 66. h5 Rh1 67. h6 Kb4 68. Kf2 Bg6 69. Ke2 Kb5 70. Kf2 Rb1 71. Kg3 Rxb2 72. Bf4 Rb3 73. Rc8 Be4 74. Kh4 Rxf3 75. Kg5 a3 76. Ra8 Bxa8 77. Kg4 Rf1 78. h7 Rxf4+ 79. Kxf4 c1=Q+ 80. Kf5 Qc3 81. Kg6 Qh8 82. Kh6 a2 83. Kg6 Be4+ 84. Kg5 a1=Q 85. Kf4 Qad4 86. Kg5 Qhf6+ 0-1

[Event "PNWCC Online blitz JP 10th"]
[Site "Chess.com INT"]
[Date "2020.05.16"]
[Round "7"]
[White "Arjun Erigaisi"]
[Black "Emilio Cordova"]
[Result "1-0"]
[EventDate "?"]
[WhiteElo "2559"]
[BlackElo "2592"]
[Source "chessbites.com; date by Chess Assistant 21"]
[PlyCount "86"]

1. Nf3 c5 2. g3 b6 3. Bg2 Bb7 4. O-O Nf6 5. c4 e6 6. Nc3 Be7 7. Re1 Ne4 8. Nxe4 Bxe4 9. d3 Bb7 10. e4 Nc6 11. d4 Nxd4 12. Nxd4 cxd4 13. Qxd4 O-O 14. Be3 d6 15. Rad1 Rc8 16. b3 Qc7 17. h3 Qb8 18. Qb2 Rfd8 19. Bd4 Bf8 20. Rd3 Bc6 21. h4 b5 22. cxb5 Bxb5 23. Rd2 a5 24. Kh2 a4 25. Re3 Be8 26. Qa1 Qb5 27. Qd1 axb3 28. Rxb3 Qa4 29. Qg4 Rc4 30. Ba1 Bc6 31. Re3 Rb8 32. Rxd6 Qxa2 33. Be5 Qxf2 34. Rf3 Qe2 35. Qf4 f5 36. Rf2 Qe1 37. Rxc6 Rxc6 38. Bxb8 Rc1 39. exf5 Qg1+ 40. Kh3 Bc5 41. Rd2 h5 42. Rd8+ Kh7 43. Qg5 1-0

[Event "Sukooon Resort Indian"]
[Site "Chess.com INT"]
[Date "2020.05.16"]
[Round "6.2"]
[White "Arjun Erigaisi"]
[Black "Mohammad Nubairshah Shaikh"]
[Result "1-0"]
[EventDate "?"]
[WhiteElo "2559"]
[BlackElo "2445"]
[Source "chessbites.com; date by Chess Assistant 21"]
[PlyCount "70"]

1. c4 c6 2. Nf3 d5 3. e3 Nf6 4. Nc3 g6 5. d4 Bg7 6. Be2 O-O 7. O-O b6 8. a4 Nbd7 9. a5 Ba6 10. axb6 axb6 11. Rxa6 Rxa6 12. cxd5 b5 13. dxc6 Rxc6 14. Bxb5 Rb6 15. Qe2 Ne8 16. e4 Nd6 17. Bd3 e5 18. Nd5 Rb7 19. Bg5 Qb8 20. Ne7+ Kh8 21. Nc6 Qc7 22. Ncxe5 Nxe5 23. dxe5 Nc8 24. Rc1 Qb8 25. Rc2 Bxe5 26. Ba6 Rxb2 27. Nxe5 Rxc2 28. Bf6+ Kg8 29. Qxc2 Nd6 30. Nd7 Qb4 31. Nxf8 Qe1+ 32. Bf1 Nxe4 33. Nd7 Nxf6 34. Nxf6+ Kg7 35. Ne4 1-0

[Event "Sukooon Resort Indian"]
[Site "Chess.com INT"]
[Date "2020.05.16"]
[Round "7.4"]
[White "Girish A Koushnik"]
[Black "Arjun Kumar Erigaisi"]
[Result "0-1"]
[EventDate "?"]
[WhiteElo "2498"]
[BlackElo "2559"]
[Source "chessbites.com; date by Chess Assistant 21"]
[PlyCount "118"]

1. d4 d5 2. Bf4 Nf6 3. e3 e6 4. Nf3 c5 5. c3 Nc6 6. Nbd2 cxd4 7. exd4 Nh5 8. Bg3 g6 9. Bd3 Bg7 10. Qe2 O-O 11. Ne5 f6 12. Nxg6 hxg6 13. Bxg6 Nxg3 14. hxg3 f5 15. Qh5 Rf6 16. Nf3 Bd7 17. O-O-O Be8 18. Qh7+ Kf8 19. Bxe8 Qxe8 20. Ng5 Qg6 21. f4 Ke7 22. Qxg6 Rxg6 23. Rh7 Rh8 24. Rdh1 Rxh7 25. Rxh7 Nd8 26. Kd2 Nf7 27. Nxf7 Kxf7 28. Rh3 b5 29. a3 Rh6 30. Ke3 a5 31. b4 axb4 32. axb4 Rh8 33. Rxh8 Bxh8 34. Kf3 Kg6 35. g4 Bf6 36. g5 Be7 37. g3 Kh5 38. Kf2 Kg4 39. Kg2 Bf8 40. Kf2 Kh3 41. Kf3 Bg7 42. Kf2 Kh2 43. Kf3 Kg1 44. g4 Kf1 45. gxf5 exf5 46. Kg3 Ke2 47. Kh4 Kf3 48. Kh5 Kxf4 49. Kg6 Bf8 50. Kf7 Kxg5 51. Kxf8 f4 52. c4 f3 53. cxd5 f2 54. d6 f1=Q+ 55. Ke8 Qe2+ 56. Kd8 Kf6 57. d7 Qc4 58. d5 Kf7 59. d6 Kf6 0-1

[Event "Sukooon Resort Indian"]
[Site "Chess.com INT"]
[Date "2020.05.16"]
[Round "8.3"]
[White "Arjun Erigaisi"]
[Black "Soumya Swaminathan"]
[Result "1-0"]
[EventDate "?"]
[WhiteElo "2559"]
[BlackElo "2351"]
[Source "chessbites.com; date by Chess Assistant 21"]
[PlyCount "70"]

1. Nf3 c5 2. c4 Nc6 3. Nc3 g6 4. e3 Nf6 5. d4 cxd4 6. exd4 d5 7. cxd5 Nxd5 8. Qb3 e6 9. Bb5 Bg7 10. O-O O-O 11. Bxc6 bxc6 12. Re1 Qb6 13. Qc2 Nb4 14. Qd1 Ba6 15. Na4 Qb5 16. Nc5 Rad8 17. a3 Nd5 18. Bg5 Rd6 19. a4 Qb6 20. Ne5 Re8 21. Bd2 Nc7 22. Bc3 Bxe5 23. Rxe5 f6 24. Ne4 fxe5 25. Nxd6 Rf8 26. a5 Qb8 27. dxe5 Nd5 28. Qd2 Nf4 29. Ne4 Nd5 30. Nf6+ Nxf6 31. exf6 Rd8 32. f7+ Kxf7 33. Qh6 e5 34. Qxh7+ Kf6 35. f4 1-0

[Event "Sukooon Resort Indian"]
[Site "Chess.com INT"]
[Date "2020.05.16"]
[Round "9.3"]
[White "Aronyak Ghosh"]
[Black "Arjun Erigaisi"]
[Result "0-1"]
[EventDate "?"]
[WhiteElo "2436"]
[BlackElo "2559"]
[Source "chessbites.com; date by Chess Assistant 21"]
[PlyCount "94"]

1. Nf3 d5 2. g3 Nf6 3. Bg2 c5 4. O-O g6 5. b3 Bg7 6. Bb2 Nc6 7. d4 cxd4 8. Nxd4 O-O 9. Nd2 Qb6 10. Nxc6 bxc6 11. c4 Rd8 12. Rc1 Bf5 13. Qe1 a5 14. Bxf6 Bxf6 15. cxd5 cxd5 16. e4 dxe4 17. Bxe4 Rxd2 18. Bxa8 Rxa2 19. Be4 Bh3 20. Bg2 Bxg2 21. Kxg2 Qxb3 22. Qe4 Kg7 23. h4 h5 24. Rc8 Rd2 25. Qc4 a4 26. Qc6 a3 27. Qe8 Kh6 28. Qf8+ Bg7 29. Qxe7 Qd5+ 30. Kg1 a2 31. Rc5 Qd3 32. Ra5 Rd1 33. Rxh5+ gxh5 34. Qg5+ Kh7 35. Qxh5+ Kg8 36. Qxd1 Qxd1 37. Rxd1 a1=Q 38. Rxa1 Bxa1 39. Kg2 Kg7 40. g4 Be5 41. Kf3 Kg6 42. Ke4 Bf6 43. g5 Bh8 44. Kf4 Kh5 45. Kf5 Bg7 46. f3 Bh8 47. f4 Bc3 0-1

[Event "Sukooon Resort Indian"]
[Site "Chess.com INT"]
[Date "2020.05.15"]
[Round "2.2"]
[White "Sethuraman P Sethuraman"]
[Black "Arjun Erigaisi"]
[Result "0-1"]
[EventDate "?"]
[WhiteElo "2644"]
[BlackElo "2559"]
[Source "chessbites.com; date by Chess Assistant 21"]
[PlyCount "56"]

1. d4 d5 2. c4 e6 3. Nc3 c6 4. Nf3 Nf6 5. Bg5 h6 6. Bh4 dxc4 7. e4 b5 8. e5 g5 9. Nxg5 hxg5 10. Bxg5 Nbd7 11. g3 Bb7 12. exf6 Qb6 13. Bg2 O-O-O 14. O-O c5 15. d5 b4 16. Na4 Qb5 17. a3 exd5 18. axb4 cxb4 19. Qd4 Nc5 20. b3 Nxb3 21. Qxa7 Rd6 22. Bf4 Qa6 23. Qe3 Re6 24. Be5 d4 25. Qf4 Bxg2 26. Kxg2 Qb5 27. Kg1 Qxe5 28. Kg2 Qxf4 0-1

[Event "Sukooon Resort Indian"]
[Site "Chess.com INT"]
[Date "2020.05.15"]
[Round "3.5"]
[White "Arjun Erigaisi"]
[Black "Hagawane Aakanksha"]
[Result "1-0"]
[EventDate "?"]
[WhiteElo "2559"]
[BlackElo "2238"]
[Source "chessbites.com; date by Chess Assistant 21"]
[PlyCount "62"]

1. d4 Nf6 2. c4 g6 3. Nc3 d5 4. cxd5 Nxd5 5. Bd2 Bg7 6. e4 Nxc3 7. Bxc3 c5 8. d5 O-O 9. Qd2 Qd6 10. f4 Rd8 11. Nf3 e6 12. Bc4 exd5 13. Bxd5 Nc6 14. O-O Be6 15. Bxg7 Kxg7 16. Qc3+ Kg8 17. Bxc6 Qxc6 18. f5 Bd7 19. Rae1 Be8 20. Kh1 Rac8 21. f6 Qd6 22. e5 Qd3 23. Qc1 g5 24. e6 c4 25. Qxg5+ Qg6 26. Qh4 Bc6 27. Rg1 Rd5 28. Ne5 Rxe5 29. Rxe5 h6 30. Re3 Kh8 31. Rg3 1-0

[Event "Sukooon Resort Indian"]
[Site "Chess.com INT"]
[Date "2020.05.15"]
[Round "4.1"]
[White "Arjun Erigaisi"]
[Black "P V Nandhidhaa"]
[Result "1-0"]
[EventDate "?"]
[WhiteElo "2559"]
[BlackElo "2365"]
[Source "chessbites.com; date by Chess Assistant 21"]
[PlyCount "66"]

1. Nf3 c5 2. c4 b6 3. Nc3 Bb7 4. e4 d6 5. d4 cxd4 6. Nxd4 e6 7. g3 a6 8. Bg2 Qc7 9. O-O Nf6 10. b3 Nbd7 11. Bb2 Be7 12. Qe2 O-O 13. Rfd1 Rac8 14. f4 Rfe8 15. e5 Bxg2 16. exf6 Ba8 17. fxe7 Qb7 18. Kf2 Nf6 19. Nf3 b5 20. Rd4 e5 21. fxe5 dxe5 22. Rh4 e4 23. Nd4 e3+ 24. Ke1 bxc4 25. Rf4 cxb3 26. axb3 Rxc3 27. Bxc3 Nd5 28. Qf3 Qc7 29. Ba5 Qxe7 30. Rg4 Nf6 31. Nf5 Qe5 32. Nh6+ Kf8 33. Bb4+ 1-0

[Event "PNWCC Online blitz JP 9th"]
[Site "Chess.com INT"]
[Date "2020.05.09"]
[Round "3"]
[White "Arjun Erigaisi"]
[Black "Kantholi Rathnakaran"]
[Result "1-0"]
[EventDate "?"]
[WhiteElo "2559"]
[BlackElo "2314"]
[Source "chessbites.com; date by Chess Assistant 21"]
[PlyCount "56"]

1. e4 e6 2. d4 d5 3. Nc3 Nf6 4. e5 Nfd7 5. f4 c5 6. Nf3 a6 7. Be3 b5 8. Qd2 Qb6 9. g4 h5 10. gxh5 Rxh5 11. Bg2 Bb7 12. Ne2 c4 13. Ng3 Rh8 14. f5 Nc6 15. fxe6 fxe6 16. Ng5 Ndxe5 17. dxe5 d4 18. Bxd4 Nxd4 19. Bxb7 Rd8 20. Qg2 Nxc2+ 21. Qxc2 Bb4+ 22. Kf1 Rf8+ 23. Bf3 Rd3 24. Rd1 Rdxf3+ 25. Nxf3 Rxf3+ 26. Kg2 Qc6 27. Qg6+ Rf7+ 28. Qe4 1-0

[Event "PNWCC Online blitz JP 9th"]
[Site "Chess.com INT"]
[Date "2020.05.09"]
[Round "4"]
[White "Josiah Stearman"]
[Black "Arjun Erigaisi"]
[Result "0-1"]
[EventDate "?"]
[WhiteElo "2349"]
[BlackElo "2559"]
[Source "chessbites.com; date by Chess Assistant 21"]
[PlyCount "68"]

1. e4 e6 2. d3 d5 3. Qe2 Nf6 4. Nf3 c5 5. e5 Nfd7 6. g3 Nc6 7. Bg2 g6 8. Bf4 Bg7 9. O-O O-O 10. Nbd2 b5 11. c4 bxc4 12. dxc4 d4 13. Rfe1 Qb6 14. b3 a5 15. Ng5 Bb7 16. h4 Ncxe5 17. Bxb7 Qxb7 18. h5 d3 19. Qd1 Nc6 20. hxg6 hxg6 21. Rb1 Nd4 22. Nde4 e5 23. Be3 f5 24. Bxd4 cxd4 25. Nd6 Qc6 26. Nb5 e4 27. f4 Bf6 28. Qd2 Kg7 29. Qf2 e3 30. Qf3 Qxf3 31. Nxf3 d2 32. Re2 Nc5 33. Nbxd4 Bxd4 34. Nxd4 Rad8 0-1

[Event "PNWCC Online blitz JP 9th"]
[Site "Chess.com INT"]
[Date "2020.05.09"]
[Round "5"]
[White "Arjun Erigaisi"]
[Black "Gomez Garrido, Camilo Ernesto"]
[Result "1-0"]
[EventDate "?"]
[WhiteElo "2559"]
[BlackElo "2479"]
[Source "chessbites.com; date by Chess Assistant 21"]
[PlyCount "100"]

1. Nf3 c5 2. e4 d6 3. d4 cxd4 4. Nxd4 Nf6 5. Nc3 a6 6. Bc4 e6 7. O-O b5 8. Bb3 Be7 9. f4 O-O 10. e5 dxe5 11. fxe5 Nfd7 12. Bf4 Bb7 13. Qg4 Qb6 14. Bh6 Qxd4+ 15. Qxd4 Bc5 16. Qxc5 Nxc5 17. Be3 Nxb3 18. axb3 Nd7 19. Bd4 Rac8 20. Rf2 Rfd8 21. Raf1 Rf8 22. h3 b4 23. Nd1 Nc5 24. Rf4 a5 25. Ne3 Ba6 26. Ra1 Nb7 27. Bb6 Ra8 28. Bxa5 Be2 29. Kf2 Bh5 30. Rxb4 Rxa5 31. Rxa5 Nxa5 32. Rb6 Rc8 33. b4 Nc6 34. Nc4 Nd4 35. Nd6 Rxc2+ 36. Ke3 h6 37. g4 Bg6 38. Kxd4 Rxb2 39. b5 Rb3 40. Rb8+ Kh7 41. b6 Bd3 42. Nxf7 Kg6 43. Nd8 Bf1 44. Nxe6 Bxh3 45. Nf4+ Kg5 46. Nxh3+ Rxh3 47. b7 Rb3 48. e6 Kf6 49. Rf8+ Kxe6 50. b8=Q 1-0

[Event "PNWCC Online blitz JP 9th"]
[Site "Chess.com INT"]
[Date "2020.05.09"]
[Round "8"]
[White "Victor Mikhalevski"]
[Black "Arjun Erigaisi"]
[Result "0-1"]
[EventDate "?"]
[WhiteElo "2565"]
[BlackElo "2559"]
[Source "chessbites.com; date by Chess Assistant 21"]
[PlyCount "86"]

1. Nf3 Nf6 2. g3 d5 3. Bg2 c6 4. c4 Bf5 5. Qb3 Qb6 6. d3 e6 7. Be3 Qa6 8. Nd4 Bg6 9. cxd5 exd5 10. f4 h5 11. h3 Nbd7 12. Nd2 Bd6 13. O-O O-O 14. N2f3 Rfe8 15. Kf2 Bc5 16. Qc3 Qb6 17. a3 a5 18. Rfb1 a4 19. b4 axb3 20. Qxb3 Rxe3 21. Kxe3 Re8+ 22. Kd2 Bxd4 23. Qxb6 Bxb6 24. Kd1 Rb8 25. a4 Bf2 26. a5 Bxg3 27. a6 bxa6 28. Nd4 c5 29. Nc6 Rxb1+ 30. Rxb1 d4 31. f5 Bh7 32. Rb7 Kh8 33. Be4 Nxe4 34. dxe4 Nf6 35. e5 Nd5 36. Rb8+ Bg8 37. Re8 Ne3+ 38. Kd2 Nxf5 39. Kd3 f6 40. Ke4 g6 41. exf6 Nd6+ 42. Kf3 Nxe8 43. Kxg3 Nxf6 0-1

[Event "PNWCC Online blitz JP 9th"]
[Site "Chess.com INT"]
[Date "2020.05.09"]
[Round "9"]
[White "Arjun Erigaisi"]
[Black "Quesada Perez, Yuniesky"]
[Result "1-0"]
[EventDate "?"]
[WhiteElo "2559"]
[BlackElo "2598"]
[Source "chessbites.com; date by Chess Assistant 21"]
[PlyCount "112"]

1. d4 Nf6 2. c4 e6 3. g3 d5 4. Bg2 Bb4+ 5. Nc3 O-O 6. Nf3 dxc4 7. O-O Nc6 8. a3 Be7 9. e4 Rb8 10. Be3 a6 11. Qe2 b5 12. Rad1 Bb7 13. h3 Na5 14. Ne5 Nb3 15. f4 Nd7 16. d5 exd5 17. Nxd5 Nxe5 18. fxe5 Bxd5 19. exd5 Bc5 20. Kh2 Bxe3 21. Qxe3 Qe7 22. Qf4 Rbd8 23. d6 cxd6 24. exd6 Qd7 25. Rfe1 Rfe8 26. Re3 Nc5 27. Rxe8+ Rxe8 28. Qd4 Nd3 29. b3 Rd8 30. bxc4 bxc4 31. Rb1 g6 32. Rb6 Qe6 33. Rxa6 Ne1 34. Ra8 Rxa8 35. Bxa8 Qe2+ 36. Kg1 Nf3+ 37. Bxf3 Qxf3 38. d7 Qxg3+ 39. Kf1 Qxh3+ 40. Ke1 Qh1+ 41. Kd2 Qg2+ 42. Kc3 Qf3+ 43. Kxc4 Qc6+ 44. Kb4 Qb7+ 45. Ka5 Qc7+ 46. Ka6 Qc6+ 47. Ka7 Qc7+ 48. Ka8 Qa5+ 49. Kb7 Qb5+ 50. Kc7 Qa5+ 51. Qb6 Qe5+ 52. Kc8 Qf5 53. a4 h5 54. a5 h4 55. a6 Qc2+ 56. Qc7 1-0

[Event "PNWCC Online blitz JP 8th"]
[Site "Chess.com INT"]
[Date "2020.05.02"]
[Round "1"]
[White "Arjun Erigaisi"]
[Black "Max J Li"]
[Result "1-0"]
[EventDate "?"]
[WhiteElo "2559"]
[BlackElo "2078"]
[Source "chessbites.com; date by Chess Assistant 21"]
[PlyCount "98"]

1. e4 c5 2. Nf3 d6 3. d4 cxd4 4. Nxd4 Nf6 5. Nc3 a6 6. Be2 Nbd7 7. O-O g6 8. Be3 Bg7 9. Qd2 O-O 10. Rfd1 Qc7 11. f3 Rd8 12. a4 b6 13. Ra3 Bb7 14. Na2 Rac8 15. c4 e6 16. Nc3 Ne5 17. Rc1 d5 18. cxd5 exd5 19. Raa1 Qb8 20. f4 Nc4 21. Bxc4 dxc4 22. e5 Ng4 23. h3 Nxe3 24. Qxe3 Bf8 25. Nce2 b5 26. axb5 axb5 27. e6 Re8 28. f5 fxe6 29. fxe6 Bd5 30. Rf1 Rc7 31. Nc3 Bc6 32. Kh1 b4 33. Nxc6 Rxc6 34. Qf3 Rcxe6 35. Nd5 Bg7 36. Nf4 Re5 37. Rad1 Qc8 38. Rc1 Rc5 39. Nd5 Kh8 40. Nxb4 c3 41. Nd3 Rc7 42. bxc3 Rxc3 43. Rcd1 Qc4 44. Qg3 Ra8 45. Rf3 Qb3 46. Rdf1 Rg8 47. Ne5 Rxf3 48. Rxf3 Qe6 49. Nf7+ 1-0

[Event "PNWCC Online blitz JP 8th"]
[Site "Chess.com INT"]
[Date "2020.05.02"]
[Round "3"]
[White "Arjun Erigaisi"]
[Black "Melikset Khachiyan"]
[Result "1-0"]
[EventDate "?"]
[WhiteElo "2559"]
[BlackElo "2481"]
[Source "chessbites.com; date by Chess Assistant 21"]
[PlyCount "54"]

1. d4 Nf6 2. Bf4 d5 3. e3 e6 4. Nd2 Bd6 5. Bg3 O-O 6. Ngf3 c5 7. c3 Qc7 8. dxc5 Qxc5 9. Bd3 Bxg3 10. hxg3 Nc6 11. Qe2 e5 12. e4 d4 13. Nb3 Qb6 14. cxd4 exd4 15. O-O-O Bg4 16. Kb1 Rfe8 17. Qd2 Nxe4 18. Qf4 Bxf3 19. gxf3 Nxf2 20. Bxh7+ Kf8 21. Bg6 Nd8 22. Rh8+ Ke7 23. Re1+ Kd7 24. Qf5+ Ne6 25. Bxf7 Rxh8 26. Bxe6+ Kd8 27. Qd5+ 1-0

[Event "PNWCC Online blitz JP 8th"]
[Site "Chess.com INT"]
[Date "2020.05.02"]
[Round "6"]
[White "Arjun Erigaisi"]
[Black "Jonas Rosner"]
[Result "1-0"]
[EventDate "?"]
[WhiteElo "2559"]
[BlackElo "2433"]
[Source "chessbites.com; date by Chess Assistant 21"]
[PlyCount "60"]

1. g3 d5 2. Bg2 Nf6 3. d4 e6 4. c4 Be7 5. Nf3 O-O 6. O-O c6 7. Nc3 a5 8. b3 b6 9. Qc2 Ba6 10. Rd1 dxc4 11. bxc4 Bxc4 12. Ne5 Ba6 13. Rb1 Nd5 14. e4 Nxc3 15. Qxc3 Qc7 16. Bb2 Rc8 17. Rbc1 Bb7 18. d5 Bb4 19. Qc2 Bc5 20. dxe6 fxe6 21. Qb3 Qe7 22. Bh3 Re8 23. Rxc5 bxc5 24. Bxe6+ Kh8 25. Nf7+ Kg8 26. Nh6+ Kh8 27. Nf5 Qxe6 28. Rd8 Nd7 29. Bxg7+ Kg8 30. Qxe6# 1-0

[Event "PNWCC Online blitz JP 8th"]
[Site "Chess.com INT"]
[Date "2020.05.02"]
[Round "7"]
[White "Pavel Kotsur"]
[Black "Arjun Erigaisi"]
[Result "0-1"]
[EventDate "?"]
[WhiteElo "2517"]
[BlackElo "2559"]
[Source "chessbites.com; date by Chess Assistant 21"]
[PlyCount "56"]

1. e4 e6 2. d4 d5 3. Nd2 Nf6 4. e5 Ne4 5. Nxe4 dxe4 6. Bc4 a6 7. a4 b6 8. d5 c5 9. Ne2 Ra7 10. Bf4 Rd7 11. d6 Bb7 12. O-O g5 13. Bg3 h5 14. h3 Bg7 15. Nc3 Nc6 16. Qe2 Nd4 17. Qd2 h4 18. Bh2 g4 19. Bf4 gxh3 20. Qe3 hxg2 21. Rfc1 h3 22. Nxe4 Qh4 23. Kh2 Bxe5 24. Bxe5 Bxe4 25. Be2 Nf5 26. Qf4 Qxf4+ 27. Bxf4 Nd4 28. f3 Nxe2 0-1